La práctica del urbanismo : una introducción al arte de proyectar ciudades y barrios

Bibliographic Details
Main Author: Unwin, Raymond
Format: Section = Libro
Language:Undetermined
Spanish
Published: Barcelona Gustavo Gili 1984
Subjects:
LEADER 00501nam a2200181Ia 4500
008 240829s9999 xx 000 0 und d
020 |a 84-252-1197-2 
040 |a BIBLIOTECA-RUSB/ 711.4 U62 
041 |a spa 
082 |a 711.4 U62 
100 1 |a Unwin, Raymond 
245 1 0 |a La práctica del urbanismo : una introducción al arte de proyectar ciudades y barrios 
260 |a Barcelona  |b Gustavo Gili  |c 1984 
300 |a 314 p. :il. 
650 7 |a URBANISMO 
942 |c BK  |2 ddc 
991 |a TEXTO 
999 |c 4814